| 000 | 00588nam a22001937a 4500 | ||
|---|---|---|---|
| 005 | 20140820115424.0 | ||
| 010 | _aENG-110364 | ||
| 020 |
_a9789350623299 _c795.00 |
||
| 035 | _aEN-93896 | ||
| 037 | _bDBAD/PUB | ||
| 082 | _a333.9140954 | ||
| 100 | _aShahi, R. V. | ||
| 245 |
_aLight at the end of the tunnel? : _cby R. V. Shahi _bway forward for power sector / |
||
| 260 |
_aNew Delhi _bExcel Books _c2013 |
||
| 270 |
_aA-45, Naraina, Phase I _bNew Delhi _e110028 |
||
| 300 |
_axiv,575p. _c24cm(Hb) |
||
| 500 | _aIncludes index | ||
| 942 |
_2ddc _cEN _mSHA _h333.9140954 |
||
| 999 |
_c86379 _d86379 |
||